| 000 | 00570nam a2200229 a 4500 | ||
|---|---|---|---|
| 001 | 0001-1374 | ||
| 003 | ELIB.Books | ||
| 008 | 160712 2010 eng | ||
| 020 | _a0800616871 | ||
| 035 | _a(ELIB.Books)0001-1529 | ||
| 092 |
_a201 _bMcF |
||
| 100 | _aMcFague, Sallie. | ||
| 245 | _aMetaphorical Theology | ||
| 260 |
_aPhiladelphia _bFortress Press _c1987 |
||
| 300 |
_a225 _c23 Cm |
||
| 650 | _aChristianity and Language | ||
| 856 |
_nKBTS Library _uKBTS: ELIB |
||
| 942 |
_2ddc _cBK |
||
| 990 | _a1 | ||
| 998 |
_cbat _e2016-07-12 |
||
| 999 |
_c11374 _d11374 |
||